[Event "73rd MNE-ch 2021"]
[Site "Podgorica"]
[Date "2021.05.08"]
[Round "7.7"]
[White "Scekic, Veljko"]
[Black "Kisic, Bozidar"]
[Result "1/2-1/2"]
[WhiteElo "2224"]
[BlackElo "2263"]
[Annotator "NA"]
[PlyCount "47"]
[EventDate "2021.05.03"]
[EventType "swiss"]
[EventCountry "MNE"]
[SourceTitle "playchess.com"]
[Source "ChessBase"]
[SourceQuality "1"]

1. Nf3 Nf6 2. b3 b5 3. e4 Nxe4 4. Bxb5 c6 5. Be2 d6 6. O-O Nf6 7. d4 g6 8. Bb2 Bg7 9. c4 O-O 10. Nc3 Re8 11. Re1 Bg4 12. h3 Bxf3 13. Bxf3 e6 14. b4 d5 15. b5 Qb6 16. cxd5 exd5 17. Rxe8+ Nxe8 18. Qe2 Nf6 19. bxc6 Nxc6 20. Nxd5 Nxd5 21. Bxd5 Nxd4 22. Bxd4 Bxd4 23. Rd1 Rd8 24. Qf3 1/2-1/2

[Event "73rd MNE-ch 2021"]
[Site "Podgorica"]
[Date "2021.05.08"]
[Round "7.8"]
[White "Vujovic, Savo"]
[Black "Djokovic, Mirsad"]
[Result "1-0"]
[WhiteElo "2167"]
[BlackElo "2127"]
[Annotator "NA"]
[PlyCount "75"]
[EventDate "2021.05.03"]
[EventType "swiss"]
[EventCountry "MNE"]
[SourceTitle "playchess.com"]
[Source "ChessBase"]
[SourceQuality "1"]

1. e4 c5 2. Nf3 d6 3. d4 cxd4 4. Nxd4 Nf6 5. Nc3 g6 6. Be3 Bg7 7. f3 Nc6 8. Qd2 O-O 9. O-O-O Nd7 10. g4 Nde5 11. Qg2 Na5 12. Nb3 Nac4 13. Bd4 b5 14. Nxb5 Ba6 15. Nc3 Qc8 16. h3 Re8 17. Re1 Bb7 18. f4 Nd7 19. Bxg7 Kxg7 20. Qf2 e5 21. f5 a5 22. a4 Ndb6 23. Nd2 Rb8 24. Bxc4 Nxc4 25. Nxc4 Qxc4 26. Qe2 Qb4 27. Qb5 Qd4 28. Qd3 Qb4 29. Qb5 Qd4 30. Qxa5 Bc6 31. Rd1 Qe3+ 32. Kb1 Red8 33. fxg6 hxg6 34. Rhf1 Be8 35. Rxd6 Rdc8 36. Qxe5+ Kh7 37. Rd7 Rxc3 38. Rfxf7+ 1-0

[Event "73rd MNE-ch 2021"]
[Site "Podgorica"]
[Date "2021.05.08"]
[Round "7.9"]
[White "Vujacic, Igor"]
[Black "Abramovic, Dragoljub"]
[Result "1-0"]
[WhiteElo "2207"]
[BlackElo "2012"]
[Annotator "TA"]
[PlyCount "143"]
[EventDate "2021.05.03"]
[EventType "swiss"]
[EventCountry "MNE"]
[SourceTitle "playchess.com"]
[Source "ChessBase"]
[SourceQuality "1"]

{[%evp 12,143,2,0,37,44,53,23,58,44,50,49,59,24,33,31,23,21,52,33,39,34,40,40,42,47,111,79,81,33,35,34,68,72,116,115,142,149,139,140,157,145,199,195,216,187,208,197,181,162,165,131,123,138,150,152,168,162,134,117,119,119,300,313,372,202,211,190,262,125,119,109,117,109,147,133,203,196,264,235,313,305,303,297,313,295,303,310,309,276,610,387,591,545,575,586,515,277,279,277,270,270,270,267,237,100,327,312,633,618,29990,773,1032,633,639,430,408,0,548,462,523,347,623,624,540,593,750,252,252,235,5687,6402,4999,1230]} 1. e4 e6 2. d4 d5 3. Nc3 Bb4 4. Nge2 dxe4 5. a3 Be7 6. Nxe4 Nf6 7. N2g3 Bd7 {C15: French: 3 Nc3 Bb4: Unusual White 4th moves.} 8. Nxf6+ Bxf6 9. Nh5 Bc6 {White has an edge.} 10. Be3 Be4 11. Qg4 Bg6 {[#]} 12. Bc4 $146 ({Predecessor:} 12. Nxf6+ gxf6 13. O-O-O Qd5 14. c4 Qc6 15. d5 Qa4 16. Bd3 Nd7 17. Bxg6 hxg6 18. dxe6 {1-0 (31) Mellado Trivino,J (2447)-Giampa,A (2189) Seville 2002}) 12... Nd7 {[%cal Bb8d7,Bd7b6,Bb6d5][%mdl 32]} 13. O-O-O Nb6 14. Bb3 c6 15. h4 Bxh5 16. Qxh5 Nd5 17. g4 g6 18. Qh6 Rg8 ({Better is} 18... Be7 $14 19. Bg5 a5) 19. Bg5 (19. Qxh7 $2 Rh8 $19) 19... Qe7 20. Bxd5 cxd5 21. f4 O-O-O 22. Qxh7 Kd7 {...Rh8 is the strong threat.} 23. Qh6 Rc8 24. Bxf6 Qxf6 25. Qg5 Qg7 26. Qe5 f6 (26... b5 $16 27. Kb1 a6) 27. Qe2 $18 Rc6 28. Qb5 Kd6 29. Qb4+ Kc7 30. Rd3 Kb8 31. Rc3 {aiming for Rxc6.} Rb6 32. Qc5 Rc6 33. Qa5 Ra6 34. Qb5 f5 35. Qd3 fxg4 36. Rg1 Rf8 $2 (36... Ra4 $16) 37. Rxg4 Rf5 38. Qb5 (38. Kb1 $142) 38... Qf7 39. Qe2 $40 {[%mdl 128] White attacks with force.} Ra4 (39... Rb6 {keeps fighting.} 40. Kb1 a6) 40. Rd3 (40. Rcg3 $1 $18) 40... Rc4 41. c3 Rc7 42. Qe3 Rh5 43. Qg3 Rh6 (43... a6 $16 44. Re3 (44. Rxg6 Rxh4 45. Qxh4 Qxg6 $16) 44... Ka7) 44. Re3 b6 (44... a6 {might work better.} 45. Re5 Ka7) 45. Re5 Qf6 46. Kb1 Kb7 47. Reg5 Rch7 48. Ka2 ({But not} 48. Rxg6 $6 Rxg6 49. Rxg6 Qxh4 $18) 48... a5 49. Rxg6 Rxg6 50. Rxg6 {[%mdl 4096] Endgame KQR-KQR} Qe7 (50... Qxh4 51. Qe3 Qe7 52. Rxe6 Qc7) 51. Qg5 Qc7 (51... a4 $142 52. Rh6 Ka6 53. Rxh7 Qxh7) 52. Kb1 Qc4 53. Rxe6 Qd3+ 54. Ka2 Qc4+ 55. b3 $1 {[%cal Rb3c4]} Qxc3 56. Qxd5+ Ka7 57. Re2 Rc7 {intending ...Qd3.} 58. Rb2 (58. a4 $1 $18 {is more deadly.}) 58... Qe1 $2 {[#]} (58... Qd3 $16) 59. Qe5 $1 {[%cal Re5c7]} Qc3 (59... Qc1 60. d5 Rc2 61. Rxc2 Qxc2+ 62. Qb2 Qd1 63. Qg7+ Kb8) 60. d5 {And now d6 would win.} Qd3 61. h5 (61. Qxc7+ $142 Ka6 62. Qc8+ Ka7 63. Rc2 Qxc2+ 64. Qxc2 Kb8 65. d6 Kb7 66. d7) 61... Rc1 62. Qe7+ Ka8 63. Qe8+ Ka7 64. Qe7+ Ka8 $1 65. Qe2 Qd4 {Black hopes to continue with ...Qg1.} 66. Rb1 Rc3 $2 (66... Rxb1 67. Kxb1 Qxd5) 67. Rd1 Qc5 {White must now prevent ...Rc2+.} 68. Rd2 Rc1 69. Qf2 $2 (69. h6 a4 70. Qe8+ Kb7 71. Qc6+ Qxc6 72. dxc6+ Rxc6 73. Rd7+ Kc8 {[#]} 74. h7 $1 {[%mdl 512]}) 69... Qc3 {[%csl Gc1][%cal Rc3a1]} 70. Rb2 {Hoping for d6.} a4 $2 (70... Ka7) 71. Qxb6 Rc2 72. Qc6+ {Weighted Error Value: White=0.24/Black=0.60} 1-0

[Event "73rd MNE-ch 2021"]
[Site "Podgorica"]
[Date "2021.05.08"]
[Round "7.10"]
[White "Pobor, Milo"]
[Black "Popadic, Dragan"]
[Result "1-0"]
[WhiteElo "2071"]
[BlackElo "2157"]
[Annotator "NA"]
[PlyCount "69"]
[EventDate "2021.05.03"]
[EventType "swiss"]
[EventCountry "MNE"]
[SourceTitle "playchess.com"]
[Source "ChessBase"]
[SourceQuality "1"]

1. e4 c5 2. Nf3 Nc6 3. d4 cxd4 4. Nxd4 Nf6 5. Nc3 e5 6. Ndb5 d6 7. Bg5 a6 8. Na3 b5 9. Bxf6 gxf6 10. Nd5 Bg7 11. Bd3 Ne7 12. Nxe7 Qxe7 13. c4 f5 14. O-O O-O 15. Qh5 Rb8 16. exf5 e4 17. Rae1 Bb7 18. Qg4 Rfe8 19. cxb5 d5 20. bxa6 Bc6 21. b3 Kh8 22. Nc2 Rg8 23. Be2 Be5 24. Qh3 d4 25. Bc4 Rg7 26. g3 Rbg8 27. Qg2 Qh4 28. Nb4 Ba8 29. Bd5 Bxd5 30. Nxd5 e3 31. Nxe3 dxe3 32. Rxe3 Qf6 33. a7 Qa6 34. Rxe5 Qxa7 35. a4 1-0

[Event "73rd MNE-ch 2021"]
[Site "Podgorica"]
[Date "2021.05.09"]
[Round "8.1"]
[White "Draskovic, Luka"]
[Black "Nikac, Predrag"]
[Result "1-0"]
[WhiteElo "2472"]
[BlackElo "2318"]
[Annotator "ChessBase"]
[PlyCount "93"]
[EventDate "2021.05.03"]
[EventType "swiss"]
[EventCountry "MNE"]
[SourceTitle "playchess.com"]
[Source "ChessBase"]
[SourceQuality "1"]

1. e4 c5 2. Nf3 d6 3. Bb5+ Nd7 4. d4 a6 5. Bxd7+ Bxd7 6. dxc5 dxc5 7. Nc3 Bc6 8. Qxd8+ Rxd8 9. Ne5 Rc8 10. Be3 Nf6 11. f3 Nd7 12. Nxc6 Rxc6 13. O-O-O e6 14. Rd2 Rd6 15. Re2 Be7 16. Bf4 Rd4 17. Be3 Rd6 18. Bf4 Rd4 19. Nd1 Nf6 20. Be5 Rd7 21. Ne3 O-O 22. Rd1 Rxd1+ 23. Kxd1 Rd8+ 24. Rd2 Rxd2+ 25. Kxd2 Nd7 26. Bc7 Bf6 27. Nc4 b5 28. Nb6 Nxb6 29. Bxb6 Be7 30. c4 Kf8 31. cxb5 axb5 32. b3 Ke8 33. a4 bxa4 34. bxa4 Kd7 35. Kd3 Kc6 36. Ba5 h5 37. Kc4 g5 38. h3 f6 39. g4 hxg4 40. hxg4 e5 41. Bd2 Bd8 42. Be3 Be7 43. Bf2 Bd6 44. a5 Bc7 45. a6 Bb6 46. Be1 Ba7 47. Ba5 1-0

[Event "73rd MNE-ch 2021"]
[Site "Podgorica"]
[Date "2021.05.09"]
[Round "8.1"]
[White "Abramovic, Dragoljub"]
[Black "Vujadinovic, Zeljko"]
[Result "1-0"]
[WhiteElo "2012"]
[BlackElo "1859"]
[Annotator "NA"]
[PlyCount "47"]
[EventDate "2021.05.03"]
[EventType "swiss"]
[EventCountry "MNE"]
[SourceTitle "playchess.com"]
[Source "ChessBase"]
[SourceQuality "1"]

1. Nf3 Nf6 2. b3 b6 3. Bb2 Bb7 4. d3 d6 5. e4 e5 6. Be2 Be7 7. Nbd2 Nbd7 8. Nf1 O-O 9. Ng3 c5 10. Nf5 g6 11. Nxe7+ Qxe7 12. Bc1 d5 13. exd5 Nxd5 14. Bb2 Rae8 15. O-O Nf4 16. Re1 f5 17. Bf1 e4 18. dxe4 fxe4 19. Bc4+ Ne6 20. Qd2 Rf5 21. Rad1 Ndf8 22. Qc3 Rxf3 23. Qh8+ Kf7 24. Qg7# 1-0

[Event "73rd MNE-ch 2021"]
[Site "Podgorica"]
[Date "2021.05.09"]
[Round "8.2"]
[White "Kalezic, Blazo"]
[Black "Sukovic, Andrej"]
[Result "1/2-1/2"]
[WhiteElo "2456"]
[BlackElo "2283"]
[Annotator "ChessBase"]
[PlyCount "44"]
[EventDate "2021.05.03"]
[EventType "swiss"]
[EventCountry "MNE"]
[SourceTitle "playchess.com"]
[Source "ChessBase"]
[SourceQuality "1"]

1. e4 c5 2. Nc3 d6 3. g3 Nc6 4. Bg2 g6 5. f4 Bg7 6. Nf3 e6 7. O-O Nge7 8. d3 f5 9. exf5 Nxf5 10. Ne4 O-O 11. c3 Rb8 12. Qe1 h6 13. a4 a6 14. g4 Nfe7 15. Qg3 b5 16. axb5 axb5 17. Bh3 b4 18. c4 d5 19. cxd5 exd5 20. Nxc5 Qb6 21. Be3 d4 22. Na4 Qb5 1/2-1/2

[Event "73rd MNE-ch 2021"]
[Site "Podgorica"]
[Date "2021.05.09"]
[Round "8.3"]
[White "Tomic, Aleksandar"]
[Black "Djukic, Nikola"]
[Result "1/2-1/2"]
[WhiteElo "2377"]
[BlackElo "2515"]
[Annotator "ChessBase"]
[PlyCount "42"]
[EventDate "2021.05.03"]
[EventType "swiss"]
[EventCountry "MNE"]
[SourceTitle "playchess.com"]
[Source "ChessBase"]
[SourceQuality "1"]

1. d4 Nf6 2. c4 g6 3. Nc3 d5 4. cxd5 Nxd5 5. Bd2 Bg7 6. e4 Nxc3 7. Bxc3 O-O 8. Qd2 Nd7 9. Rc1 b6 10. h4 Bb7 11. f3 h5 12. d5 Rc8 13. Bxg7 Kxg7 14. Ne2 c6 15. dxc6 Bxc6 16. Nd4 Bb7 17. Rd1 Qc7 18. Nf5+ gxf5 19. Qg5+ Kh8 20. Qxh5+ Kg7 21. Qg5+ Kh8 1/2-1/2

[Event "73rd MNE-ch 2021"]
[Site "Podgorica"]
[Date "2021.05.09"]
[Round "8.3"]
[White "Obadovic, Zeljko"]
[Black "Petrovic, Slavko"]
[Result "1/2-1/2"]
[WhiteElo "1788"]
[BlackElo "1867"]
[Annotator "NA"]
[PlyCount "22"]
[EventDate "2021.05.03"]
[EventType "swiss"]
[EventCountry "MNE"]
[SourceTitle "playchess.com"]
[Source "ChessBase"]
[SourceQuality "1"]

1. e4 e5 2. Nf3 Nc6 3. Bb5 d6 4. h3 f6 5. O-O Be6 6. Re1 a6 7. Bxc6+ bxc6 8. c3 c5 9. d4 cxd4 10. cxd4 Ne7 11. dxe5 dxe5 1/2-1/2

[Event "73rd MNE-ch 2021"]
[Site "Podgorica"]
[Date "2021.05.09"]
[Round "8.4"]
[White "Blagojevic, Dragisa"]
[Black "Koljevic, Nikolina"]
[Result "1-0"]
[WhiteElo "2481"]
[BlackElo "1931"]
[Annotator "TA"]
[PlyCount "167"]
[EventDate "2021.05.03"]
[EventType "swiss"]
[EventCountry "MNE"]
[SourceTitle "playchess.com"]
[Source "ChessBase"]
[SourceQuality "1"]

{[%evp 24,167,12,4,23,20,35,35,47,41,28,36,48,52,47,54,91,93,90,90,91,90,94,90,90,90,93,90,90,84,93,86,92,83,104,102,91,55,62,50,52,8,8,8,9,0,0,0,0,0,14,14,14,14,14,29,95,99,157,153,102,76,81,50,76,81,69,76,76,83,160,160,160,160,160,160,160,160,160,160,160,66,66,66,160,160,160,160,160,160,160,160,160,27,93,8,8,8,160,8,160,160,1840,1840,1638,1363,944,218,663,8,120,8,624,493,1116,950,5539,6456,5069,4291,29971,29973,29973,10082,29974,29975,29974,29975,29978,29979,29979,29980,29980,29982,29982,29983,29982,29984,29986,29987,29988,29985,29989,29990,29990,29991]} 1. d4 d5 2. c4 c6 3. Nc3 Nf6 4. e3 e6 5. Nf3 Nbd7 6. Bd3 dxc4 7. Bxc4 b5 8. Be2 Bb7 9. O-O a6 10. e4 c5 11. e5 Nd5 12. a4 b4 13. Ne4 Be7 {D47: Semi-Slav: Meran System.} 14. Bg5 O-O 15. Bxe7 Nxe7 {White is slightly better.} 16. Nxc5 Nxc5 17. dxc5 Rc8 18. Qxd8 Rfxd8 19. Rfd1 {[#]} Nd5 $146 ({Predecessor:} 19... Rxd1+ 20. Rxd1 Ng6 21. Rc1 Kf8 22. Bd3 Nf4 23. Bf1 Ng6 24. Nd4 Nxe5 25. f4 Nc6 26. Nxc6 Rxc6 {½-½ (38) Diaz Rubi,F (2253)-Bujan Mosteiro,C ICCF email 2005}) 20. Rac1 Rc7 21. Nd4 {c6 is the strong threat.} Rdc8 22. c6 Bxc6 23. Bxa6 Bxa4 24. Bxc8 Bxd1 25. Rxc7 Nxc7 $16 {[%mdl 4096] Endgame KBN-KBN} 26. Kf1 Nd5 27. Ke1 Bh5 28. Ba6 Bg6 29. Nc6 Kf8 30. Kd2 f6 $1 31. Bb7 Ke8 32. g3 Kd7 33. exf6 gxf6 34. Nd4 Kd6 35. Bc8 e5 36. Nf5+ Bxf5 (36... Kc5 {feels hotter.} 37. Be6 Nb6 38. Ne3 Na4 39. b3 Nc3) 37. Bxf5 $11 {KB-KN} h6 38. Kd3 Kc5 39. Ke4 Ne7 (39... Nb6 $1 $11 {remains equal.}) 40. Bh3 Kc4 (40... Nc6 $142) 41. Be6+ $16 Kc5 42. f4 Kd6 43. Bh3 exf4 44. Kxf4 Ng6+ 45. Kf5 Ne5 46. Bf1 $1 ({But not} 46. Kxf6 Nd3 $11) 46... Ke7 (46... Kc5 $142) 47. Be2 Kf7 48. Ke4 Ke6 49. Kd4 Kd6 50. Bh5 Kc6 51. Bd1 Kd6 52. Ke4 (52. b3 $16) 52... Nc4 $1 $14 53. b3 Ne5 ({Black should try} 53... Nd2+ $1 $14 54. Kf5 Ke7) 54. Kf5 $16 Ke7 55. Bh5 Nc6 {intending ...Nd4+.} 56. Kg6 $1 Nd4 57. Bd1 f5 58. Kxh6 (58. h3 $1 $16) 58... Kf6 $11 59. Kh7 (59. Kh5 $1 $16) 59... Ne6 60. h4 Nc5 $2 {[#]} (60... Nf8+ $1 $11 61. Kh6 Ne6) 61. Bc2 $2 ({Only move:} 61. h5 $1 $16 {[%cal Rh5h6] Threatens to win with h6.} Ne6 62. Bc2) 61... Ne6 $2 ({Black should play} 61... Nd7 $1 $11) 62. h5 $16 Ng5+ $2 (62... f4 $16 63. gxf4 Nxf4) 63. Kg8 $18 Nf7 64. Bd1 Nh6+ 65. Kf8 $2 (65. Kh7 Nf7 66. Be2) 65... Nf7 66. Ke8 $2 (66. Be2 $18 {aiming for Bd1.} Nh6 67. Bf3) 66... Ne5 {[#]} (66... Nd6+ $11 {keeps the balance.} 67. Kf8 Kg5) 67. Kd8 (67. h6 $1 $16 {Hoping for Bh5.} Kg6 68. Ke7) 67... Nc6+ $2 {[%mdl 8192] Black cannot hold the game after this.} (67... Kg5 $11) 68. Kc7 Nd4 (68... Ne5 $142 69. Be2 Nf7) 69. Kb6 Kg5 70. Kc5 Ne6+ 71. Kxb4 f4 72. gxf4+ Nxf4 73. Kc4 Ne6 74. b4 {White mates.} Nc7 75. Be2 Kh6 76. Kd4 Ne6+ 77. Ke5 Nc7 78. Kd6 Ne8+ 79. Kc6 Ng7 80. Bg4 Ne8 81. b5 {[%cal Bb4b5,Bb5b6][%mdl 32]} Nf6 82. Bf3 Ng8 83. b6 Ne7+ 84. Kd7 {Weighted Error Value: White=0.13/Black=0.16} 1-0

[Event "73rd MNE-ch 2021"]
[Site "Podgorica"]
[Date "2021.05.09"]
[Round "8.5"]
[White "Vujovic, Savo"]
[Black "Podlesnik, Bogdan"]
[Result "1/2-1/2"]
[WhiteElo "2167"]
[BlackElo "2356"]
[Annotator "NA"]
[PlyCount "108"]
[EventDate "2021.05.03"]
[EventType "swiss"]
[EventCountry "MNE"]
[SourceTitle "playchess.com"]
[Source "ChessBase"]
[SourceQuality "1"]

1. d4 Nf6 2. c4 e6 3. Nf3 b6 4. g3 Ba6 5. b3 d5 6. Bg2 dxc4 7. Ne5 Bb4+ 8. Kf1 Bd6 9. Nd2 Bxe5 10. dxe5 Ng4 11. h3 Nxf2 12. Kxf2 Qd4+ 13. e3 Qxa1 14. Qc2 Qxe5 15. Bxa8 cxb3 16. axb3 O-O 17. Be4 f5 18. Bf3 Nd7 19. Bb2 Qc5 20. Qc3 Qxc3 21. Bxc3 Bb5 22. b4 c5 23. Ra1 a6 24. Be2 Bxe2 25. Kxe2 cxb4 26. Bxb4 Ra8 27. Rc1 a5 28. Rc7 Nf6 29. Bc3 b5 30. Rb7 b4 31. Bxf6 gxf6 32. Nc4 h5 33. Rb5 a4 34. Rxb4 a3 35. Rb1 a2 36. Ra1 Kg7 37. Nb2 h4 38. gxh4 Kg6 39. Nd1 Kh5 40. Nc3 Kxh4 41. Rxa2 Rxa2+ 42. Nxa2 Kxh3 43. Kf3 e5 44. Nc3 f4 45. e4 Kh4 46. Nd5 Kg5 47. Ne7 Kh5 48. Nf5 Kg5 49. Kf2 Kh5 50. Kg1 Kg5 51. Kh2 Kg4 52. Kg2 Kg5 53. Kh3 Kh5 54. Nh4 Kg5 1/2-1/2

[Event "73rd MNE-ch 2021"]
[Site "Podgorica"]
[Date "2021.05.09"]
[Round "8.6"]
[White "Potpara, Nikola"]
[Black "Djurovic, Peko"]
[Result "1-0"]
[WhiteElo "2370"]
[BlackElo "2058"]
[Annotator "NA"]
[PlyCount "85"]
[EventDate "2021.05.03"]
[EventType "swiss"]
[EventCountry "MNE"]
[SourceTitle "playchess.com"]
[Source "ChessBase"]
[SourceQuality "1"]

1. Nf3 c5 2. g3 Nc6 3. c4 g6 4. Bg2 Bg7 5. Nc3 d6 6. O-O e5 7. a3 a5 8. d3 Nge7 9. Rb1 O-O 10. Bg5 f6 11. Bd2 Be6 12. Ne1 Qd7 13. Nd5 Bxd5 14. cxd5 Nd4 15. a4 b5 16. e3 Ndf5 17. axb5 Qxb5 18. Bc3 Nc8 19. Nc2 Nb6 20. Na3 Qe8 21. Qb3 Qb8 22. Nc4 Nxc4 23. Qxc4 Qb6 24. Ra1 Ra7 25. Ra4 Rfa8 26. Rfa1 Ne7 27. R1a3 f5 28. e4 Kf7 29. Qa2 Qb5 30. Bf1 Nc8 31. Rxa5 Rxa5 32. Rxa5 Rxa5 33. Qxa5 Qxa5 34. Bxa5 Na7 35. Bh3 fxe4 36. dxe4 Nb5 37. Bd2 h6 38. Bg4 g5 39. Bh5+ Ke7 40. Kg2 Nd4 41. Kh3 Kd7 42. Bd1 Nb5 43. Ba4 1-0

[Event "73rd MNE-ch 2021"]
[Site "Podgorica"]
[Date "2021.05.09"]
[Round "8.6"]
[White "Lakusic, Zoran"]
[Black "Mosurovic, Milena"]
[Result "1-0"]
[WhiteElo "1693"]
[BlackElo "1428"]
[Annotator "NA"]
[PlyCount "101"]
[EventDate "2021.05.03"]
[EventType "swiss"]
[EventCountry "MNE"]
[SourceTitle "playchess.com"]
[Source "ChessBase"]
[SourceQuality "1"]

1. Nf3 d5 2. c4 Nf6 3. d4 e6 4. Bg5 Be7 5. Ne5 O-O 6. e3 dxc4 7. Bxc4 a6 8. a4 Nbd7 9. Ng4 Nxg4 10. Bxe7 Qxe7 11. Qxg4 Qb4+ 12. Nd2 Qxb2 13. Qd1 Qb4 14. O-O Nb6 15. Bd3 Bd7 16. a5 Nd5 17. Qc2 h6 18. Rfb1 Qd6 19. Rxb7 Bc6 20. Nc4 Qe7 21. Rb2 Nb4 22. Qc3 Nxd3 23. Qxd3 Bb5 24. Qc3 c5 25. Nb6 cxd4 26. exd4 Rad8 27. h3 Rd6 28. Re1 Rc6 29. Qf3 Qd6 30. d5 exd5 31. Nxd5 Rc4 32. Ne7+ Kh8 33. Nf5 Qc7 34. Qa3 Rd8 35. Qa1 f6 36. Qb1 Rc5 37. Rb3 Re5 38. Nh4 Rxe1+ 39. Qxe1 Re8 40. Qb4 Qc1+ 41. Kh2 Qc7+ 42. Rg3 Bd7 43. Ng6+ Kg8 44. Ne7+ Kf7 45. Nd5 Qe5 46. Qb7 Rd8 47. f4 Qd6 48. Nb6 Kg8 49. Qxa6 Qxf4 50. Nxd7 Rxd7 51. Qc8+ 1-0

[Event "73rd MNE-ch 2021"]
[Site "Podgorica"]
[Date "2021.05.09"]
[Round "8.7"]
[White "Kisic, Bozidar"]
[Black "Vujacic, Igor"]
[Result "1-0"]
[WhiteElo "2263"]
[BlackElo "2207"]
[Annotator "ChessBase"]
[PlyCount "97"]
[EventDate "2021.05.03"]
[EventType "swiss"]
[EventCountry "MNE"]
[SourceTitle "playchess.com"]
[Source "ChessBase"]
[SourceQuality "1"]

1. d4 Nf6 2. Bf4 d5 3. Nc3 c6 4. Qd3 g6 5. f3 Bg7 6. e4 dxe4 7. fxe4 Nh5 8. Be3 e5 9. dxe5 Qxd3 10. cxd3 Bxe5 11. Nf3 Bg7 12. d4 O-O 13. Bc4 Be6 14. Bxe6 fxe6 15. O-O e5 16. d5 cxd5 17. exd5 Nd7 18. Ne4 Nhf6 19. Nxf6+ Nxf6 20. Rad1 Ng4 21. Rfe1 e4 22. Nd4 Nxe3 23. Rxe3 Bxd4 24. Rxd4 Rad8 25. Rexe4 Rf7 26. Re3 Rfd7 27. Red3 Kf7 28. Kf2 Kf6 29. Kf3 h5 30. h3 Re8 31. Rf4+ Kg7 32. Re4 Rf8+ 33. Ke3 Rf5 34. g4 hxg4 35. hxg4 Rfxd5 36. Rxd5 Rxd5 37. Re7+ Kf6 38. Rxb7 Ra5 39. a3 Kg5 40. Kf3 a6 41. Rb6 Rd5 42. a4 Rd3+ 43. Ke2 Rg3 44. a5 Rxg4 45. Kd3 Kf5 46. Rxa6 Ra4 47. b3 Ra3 48. Kc3 g5 49. Kb2 1-0

[Event "73rd MNE-ch 2021"]
[Site "Podgorica"]
[Date "2021.05.09"]
[Round "8.8"]
[White "Musovic, Armin"]
[Black "Scekic, Veljko"]
[Result "1-0"]
[WhiteElo "2258"]
[BlackElo "2224"]
[Annotator "NA"]
[PlyCount "67"]
[EventDate "2021.05.03"]
[EventType "swiss"]
[EventCountry "MNE"]
[SourceTitle "playchess.com"]
[Source "ChessBase"]
[SourceQuality "1"]

1. e4 c5 2. c3 d6 3. d4 Nf6 4. Bd3 g6 5. e5 dxe5 6. dxe5 Nfd7 7. f4 Nc6 8. Qc2 Nb6 9. Nf3 Bg7 10. O-O O-O 11. Rd1 Qc7 12. Qf2 c4 13. Be2 f6 14. exf6 exf6 15. Na3 Be6 16. Be3 Rfd8 17. Nb5 Qf7 18. Rxd8+ Rxd8 19. Nxa7 Nd5 20. Bb6 Rb8 21. Bxc4 Nxf4 22. Bxe6 Nxe6 23. Nxc6 bxc6 24. a4 Bf8 25. a5 Rxb6 26. axb6 Bc5 27. Ra8+ Kg7 28. Ra7 Bxf2+ 29. Kxf2 Nd8 30. Rxf7+ Kxf7 31. b4 Ke6 32. Nd4+ Kd5 33. Ke3 Nb7 34. Nb3 1-0

[Event "73rd MNE-ch 2021"]
[Site "Podgorica"]
[Date "2021.05.09"]
[Round "8.9"]
[White "Djokovic, Mirsad"]
[Black "Pobor, Milo"]
[Result "0-1"]
[WhiteElo "2127"]
[BlackElo "2071"]
[Annotator "NA"]
[PlyCount "90"]
[EventDate "2021.05.03"]
[EventType "swiss"]
[EventCountry "MNE"]
[SourceTitle "playchess.com"]
[Source "ChessBase"]
[SourceQuality "1"]

1. e4 c5 2. Nf3 Nc6 3. Bb5 g6 4. c3 d5 5. Ne5 Bd7 6. Bxc6 Bxc6 7. Nxc6 bxc6 8. Qa4 Qd7 9. d3 e5 10. O-O Bd6 11. f4 Ne7 12. c4 dxe4 13. dxe4 O-O 14. Nc3 f5 15. fxe5 Bxe5 16. Bh6 Rfb8 17. Rad1 Bd4+ 18. Kh1 Rxb2 19. Nd5 Qe6 20. Nxe7+ Qxe7 21. exf5 Qe4 22. Bd2 Rf8 23. Rde1 Qg4 24. Qxc6 Rxd2 25. fxg6 Rxf1+ 26. Rxf1 Rf2 27. Rb1 Qxg6 28. Rb8+ Rf8 29. Qd5+ Qf7 30. Rxf8+ Kxf8 31. Qd8+ Qe8 32. Qd6+ Kg8 33. Qd5+ Kh8 34. g3 Qg8 35. Qb7 Qxc4 36. Qa8+ Qg8 37. Qg2 Qe8 38. Qd5 Qg8 39. Qg2 Kg7 40. h4 Qf7 41. Qc6 Qf1+ 42. Kh2 Bg1+ 43. Kh1 Bf2+ 44. Kh2 Qg1+ 45. Kh3 Qxg3# 0-1

[Event "73rd MNE-ch 2021"]
[Site "Podgorica"]
[Date "2021.05.09"]
[Round "8.10"]
[White "Pecurica, Milos"]
[Black "Popadic, Dragan"]
[Result "1-0"]
[WhiteElo "2328"]
[BlackElo "2157"]
[Annotator "NA"]
[PlyCount "87"]
[EventDate "2021.05.03"]
[EventType "swiss"]
[EventCountry "MNE"]
[SourceTitle "playchess.com"]
[Source "ChessBase"]
[SourceQuality "1"]

1. e4 c5 2. Nf3 Nc6 3. d4 cxd4 4. Nxd4 Nf6 5. Nc3 e5 6. Ndb5 d6 7. Bg5 a6 8. Na3 b5 9. Bxf6 gxf6 10. Nd5 Bg7 11. g3 O-O 12. Bg2 Ne7 13. Nxe7+ Qxe7 14. c3 Rb8 15. Nc2 a5 16. Ne3 Bh6 17. Nd5 Qd8 18. Qh5 Bg7 19. Bh3 Be6 20. Bf5 h6 21. Ne3 Qe7 22. O-O Rfd8 23. Rfd1 b4 24. c4 b3 25. a3 Rdc8 26. Rd5 Rc5 27. Rad1 Bxd5 28. exd5 Rb7 29. Be4 f5 30. Nxf5 Qf6 31. Ne3 Rbc7 32. Qe2 Qd8 33. h4 a4 34. Kg2 Kh8 35. Rc1 Kg8 36. Rc3 Qf6 37. Qh5 Bf8 38. Ng4 Qg7 39. Rf3 Rxc4 40. Nf6+ Kh8 41. Ne8 Qg8 42. Rf6 Rxe4 43. Nxc7 Rf4 44. Rxh6+ 1-0